书目信息 |
| 题名: |
英汉·汉英分子细胞生物学词汇
|
|
| 作者: | 章静波 等编 | |
| 分册: | ||
| 出版信息: | 北京 科学出版社 2005 |
|
| 页数: | 860页 | |
| 开本: | 21cm | |
| 丛书名: | ||
| 单 册: | ||
| 中图分类: | Q7-61 | |
| 科图分类: | ||
| 主题词: | 细胞生物学:分子生物学--英、汉--双解词典 | |
| 电子资源: | ||
| ISBN: | 7-03-014355-8 | |
| 000 | 00957nam0 2200229 450 | |
| 001 | 07079000335 | |
| 005 | 20070721141411.32 | |
| 010 | @a7-03-014355-8@b精装@dCNY68.00 | |
| 100 | @a20050704e20062005ekmy0chiy0110 ea | |
| 101 | 0 | @achi@aeng |
| 102 | @aCN@b110000 | |
| 105 | @ay e 000yy | |
| 200 | 1 | @a英汉·汉英分子细胞生物学词汇@Aying han· han ying fen zi xi bao sheng wu xue ci hui@dEnglish Chinese Chinese English Dictionary of Molecular Cell Biology@f章静波等编@zeng |
| 210 | @a北京@c科学出版社@d2005@h2006 | |
| 215 | @a860页@d21cm | |
| 330 | @a本书注重收录经典的细胞生物学、分子生物学以及相关学科单词及词组的同时,注重收集近年来在生命科学迅猛发展中涌现出来的富有活力的新词汇。 | |
| 510 | 1 | @aEnglish Chinese Chinese English Dictionary of Molecular Cell Biology@zeng |
| 606 | 0 | @a细胞生物学:分子生物学@x英、汉@j双解词典 |
| 690 | @aQ7-61@v4 | |
| 701 | 0 | @a章静波@Azhang jing bo@4等编 |
| 801 | 0 | @aCN@TAOJIN@c20070721 |
| 905 | @a10447@dQ7-61@e138 | |
| 英汉·汉英分子细胞生物学词汇=English Chinese Chinese English Dictionary of Molecular Cell Biology/章静波等编.-北京:科学出版社,2005(2006) |
| 860页;21cm |
| ISBN 7-03-014355-8(精装):CNY68.00 |
| 本书注重收录经典的细胞生物学、分子生物学以及相关学科单词及词组的同时,注重收集近年来在生命科学迅猛发展中涌现出来的富有活力的新词汇。 |
| ● |
| 相关链接 |
|
|
|
|
正题名:英汉·汉英分子细胞生物学词汇
索取号:Q7-61/138
 
预约/预借
| 序号 | 登录号 | 条形码 | 馆藏地/架位号 | 状态 | 备注 |
| 1 | 0822552 | 208225525 | 第二样本阅览室/ [索取号:Q7-61/138] | 在馆 | |
| 2 | 0822553 | 208225534 | 第三借阅区/ [索取号:Q7-61/138] | 在馆 | |
| 3 | 0822554 | 208225543 | 第三借阅区/ [索取号:Q7-61/138] | 在馆 | |
| 4 | 0822555 | 208225552 | 第三借阅区/ [索取号:Q7-61/138] | 在馆 | |
| 5 | 0822556 | 208225561 | 工具书阅览室/ [索取号:Q7-61/138] | 在馆 |